Statistics for UK by Letter C

Click here to take the quiz!

General Stats

  • This quiz has been taken 21 times
  • The average score is 9 of 15

Answer Stats

HintAnswer% Correct
The main river flowing through Cambridge in eastern England.Cam
100%
The capital and largest city of Wales, is the United Kingdom's eleventh-largest city.Cardiff
100%
A journey of pilgrims to Becket's shrine served as the frame for Geoffrey Chaucer's classic.Canterbury
95%
A university city and the county town of Cambridgeshire, England, on the River Cam.Cambridge
90%
English professional football club based in Fulham, London.Chelsea FC
85%
Traveling through the major city of Glasgow, it was an important river for shipbuilding and trade in the British Empire.Clyde
80%
A limestone gorge in the Mendip Hills, near the village of Cheddar, Somerset, England.Cheddar Gorge
65%
It is the cathedral of the Archbishop of Canterbury.Canterbury Cathedral
55%
The home of Norwich City Football Club.Carrow Road
45%
Major railway and underground station in London.Charing Cross
45%
It is known by Celtic fans as Parkhead or Paradise.Celtic Park
40%
It was built by Edward I, during his conquest of Wales, between 1283 and 1289.Conwy Castle
25%
A large town in County Antrim, Northern Ireland.Carrickfergus
20%
Charles I was imprisoned at the castle in the months prior to his trial.Carisbrooke Castle
5%
Quiet leafy suburb of North London, which lies partly in Enfield and in Barnet.Cockfosters
5%

Score Distribution

Percentile by Number Answered

Percent of People with Each Score

Your Score History

You have not taken this quiz